Budovanie globálnej infraštruktúry potrebuje voľný trh

Medzinárodná telekomunikačná únia (International Telecommunications Union - ITU) vypracovala Správu o svetovom vývoji telekomunikácií za r. 1995. Zaoberá sa rýchlymi vysokokapacitnými komunikačnými prostriedkami - informačnými infraštruktúrami.

Guardado en:
Detalles Bibliográficos
Autor principal: Lajčiaková, D.
Formato: Capítulo de libro
Lenguaje:eslovaco
Materias:
Etiquetas: Agregar Etiqueta
Sin Etiquetas, Sea el primero en etiquetar este registro!

MARC

LEADER 00000naa a2200000 4500
001 r019264
005 20221205102903.3
041 0 |a slo 
044 |a SK 
245 1 0 |a Budovanie globálnej infraštruktúry potrebuje voľný trh  |c D. Lajčiaková 
520 |a Medzinárodná telekomunikačná únia (International Telecommunications Union - ITU) vypracovala Správu o svetovom vývoji telekomunikácií za r. 1995. Zaoberá sa rýchlymi vysokokapacitnými komunikačnými prostriedkami - informačnými infraštruktúrami. 
610 2 0 |a telekomunikácie 
610 2 0 |a infraštruktúra informačná 
610 2 0 |a multimédiá 
610 2 0 |a počítače osobné 
610 2 0 |a komunikácia 
610 2 0 |a superdiaľnice informačné 
610 2 0 |a služby informačné 
610 2 0 |a 1995 
100 1 |a Lajčiaková, D.